000
00318nam a22001337a 4500
008
260505b |||||||| |||| 00| 0 eng d
020
_a
978-8120824737
082
_a
001723
100
_a
pandhit, Jagannath
245
_a
Rasagangadha
260
_a
New Delhi
_b
Motilal Banarsidass
_c
1983
300
_a
702p
942
_2
ddc
999
_c
1421
_d
1421